| 000 | 00547cam a22001934a 4500 | ||
|---|---|---|---|
| 005 | 20250605164402.0 | ||
| 008 | 250528s ||||||||||||||||||||||||d | ||
| 035 | _a24638 | ||
| 040 |
_aGR-AtMCL _bgre _dGR-AtMCL _eAACR2 |
||
| 245 | 1 | _aLisa LUTOFF-Perlo / President and Ceo, Celebrity Cruises | |
| 260 | _c2019 | ||
| 300 | _a112 | ||
| 520 | _aCrude Surprises, Cruise Industry Review, The Human Side. | ||
| 700 | 1 |
_aMunoz Tony _99497 |
|
| 942 | _cCR | ||
| 710 | 2 |
_aThe Maritime Executive _99838 |
|
| 999 |
_c9506 _d9506 |
||